[Event "Liberec op 10th"]
[Site "Liberec"]
[Date "2009.10.26"]
[Round "3"]
[White "Roesemann, Rainer"]
[Black "Broekman, Willem"]
[Result "0-1"]
[WhiteElo "2270"]
[BlackElo "2129"]
[PlyCount "100"]
[EventDate "2009.10.24"]
[EventType "swiss"]
[EventRounds "9"]
[EventCountry "CZE"]
[SourceTitle "EXT 2010"]
[Source "ChessBase"]
[SourceDate "2010.11.25"]
[SourceVersion "1"]
[SourceVersionDate "2010.11.25"]
[SourceQuality "1"]

1. c4 e5 2. Nc3 Nf6 3. g3 d5 4. cxd5 Nxd5 5. Bg2 Nb6 6. Nf3 Nc6 7. 0-0 Be7 8. d3 0-0 9. a3 Be6 10. b4 a5 11. b5 Nd4 12. Nd2 c6 13. bxc6 Nxc6 14. Rb1 Rb8 15. Bb2 Nd5 16. Nb5 f6 17. Qa4 Nb6 18. Qc2 Bd5 19. Bh3 Bf7 20. Rfc1 Kh8 21. Ne4 Ba2 22. Ra1 Bd5 23. Nec3 Bf7 24. Na4 Nxa4 25. Qxa4 Qb6 26. d4 exd4 27. Bxd4 Nxd4 28. Nxd4 Bc5 29. Rab1 Qa7 30. e3 Bxd4 31. exd4 Rfd8 32. Rc7 Bg6 33. Rd1 Qa6 34. d5 b5 35. Qd4 b4 36. Ra7 Qd6 37. Rxa5 b3 38. Bf1 b2 39. Bd3 b1Q 40. Bxb1 Rxb1 41. Rxb1 Bxb1 42. Qg4 Ba2 43. Ra7 Qf8 44. Rd7 Bxd5 45. h4 Rxd7 46. Qxd7 Qa8 47. h5 h6 48. Kh2 Bh1 49. Kh3 Bc6 50. Qe6 Qe8 0-1

[Event "Liberec op 10th"]
[Site "Liberec"]
[Date "2009.10.25"]
[Round "2"]
[White "Berger, Victor"]
[Black "Broekman, Willem"]
[Result "0-1"]
[WhiteElo "2071"]
[BlackElo "2129"]
[PlyCount "40"]
[EventDate "2009.10.24"]
[EventType "swiss"]
[EventRounds "9"]
[EventCountry "CZE"]
[SourceTitle "EXT 2010"]
[Source "ChessBase"]
[SourceDate "2010.11.25"]
[SourceVersion "1"]
[SourceVersionDate "2010.11.25"]
[SourceQuality "1"]

1. Nf3 Nf6 2. b3 d5 3. d4 e6 4. Bb2 Bd6 5. e3 0-0 6. Nbd2 Nbd7 7. Bd3 c6 8. 0-0 Qc7 9. Ne5 Nxe5 10. dxe5 Bxe5 11. Bxe5 Qxe5 12. c4 Qd6 13. Rc1 e5 14. cxd5 cxd5 15. Bb1 Bg4 16. f3 Bh5 17. g4 Bg6 18. f4 Bxb1 19. Rxb1 Qb6 20. Re1 exf4 0-1

[Event "Liberec op"]
[Site "Liberec"]
[Date "2007.11.17"]
[Round "9"]
[White "Golcman, Evgeny"]
[Black "Broekman, Willem"]
[Result "1-0"]
[WhiteElo "2223"]
[BlackElo "2136"]
[PlyCount "53"]
[EventDate "2007.11.10"]
[EventType "swiss"]
[EventRounds "9"]
[EventCountry "CZE"]
[SourceTitle "CBM 121 Extra"]
[Source "ChessBase"]
[SourceDate "2008.01.10"]
[SourceVersion "1"]
[SourceVersionDate "2008.01.10"]
[SourceQuality "1"]

1. c4 e5 2. g3 c6 3. Nf3 e4 4. Nd4 Qb6 5. Nc2 d5 6. Nc3 Nf6 7. Bg2 Bf5 8. 0-0 Nbd7 9. cxd5 cxd5 10. d3 exd3 11. Ne3 Be6 12. Nexd5 Bxd5 13. Nxd5 Nxd5 14. Bxd5 Bd6 15. Qxd3 0-0 16. Qb3 Rab8 17. Be3 Bc5 18. Qxb6 Bxb6 19. Bf4 Rbc8 20. Rac1 Nc5 21. b4 Ne6 22. Rxc8 Rxc8 23. Bxb7 Rc2 24. Rc1 Rxe2 25. Rc8+ Nd8 26. a4 a5 27. Be3 1-0

[Event "Liberec op"]
[Site "Liberec"]
[Date "2007.11.15"]
[Round "7"]
[White "Porat, Ido"]
[Black "Broekman, Willem"]
[Result "1-0"]
[WhiteElo "2275"]
[BlackElo "2136"]
[PlyCount "61"]
[EventDate "2007.11.10"]
[EventType "swiss"]
[EventRounds "9"]
[EventCountry "CZE"]
[SourceTitle "EXT 2008"]
[Source "ChessBase"]
[SourceDate "2007.11.25"]
[SourceVersion "1"]
[SourceVersionDate "2007.11.25"]
[SourceQuality "1"]

1. d4 d6 2. c4 e5 3. d5 a5 4. Nc3 Be7 5. g3 Bg5 6. e3 f5 7. Bg2 g6 8. Nge2 Na6 9. 0-0 Bf6 10. e4 Ne7 11. f4 0-0 12. fxe5 Bxe5 13. Bh6 Rf7 14. Qd2 Nc5 15. h3 Bg7 16. Bxg7 Rxg7 17. Kh2 b6 18. Nd4 fxe4 19. Nxe4 Bf5 20. Nf6+ Kf7 21. Ng4 Ke8 22. Nf6+ Kf7 23. Ne6 Nxe6 24. dxe6+ Kxe6 25. Bxa8 Qxa8 26. Rae1+ Kxf6 27. Qd4+ Kf7 28. Rxe7+ Kxe7 29. Qxg7+ Ke6 30. Re1+ Be4 31. Qd4 1-0

[Event "Liberec op"]
[Site "Liberec"]
[Date "2006.11.12"]
[Round "2"]
[White "Broekman, Willem"]
[Black "Sirota, Sergej"]
[Result "1-0"]
[WhiteElo "2151"]
[BlackElo "2027"]
[PlyCount "121"]
[EventDate "2006.11.11"]
[EventType "swiss"]
[EventRounds "9"]
[EventCountry "CZE"]
[SourceTitle "CBM 115 Extra"]
[Source "ChessBase"]
[SourceDate "2007.01.10"]
[SourceVersion "1"]
[SourceVersionDate "2007.01.10"]
[SourceQuality "1"]

1. d4 Nf6 2. c4 e6 3. Nc3 c5 4. d5 exd5 5. cxd5 d6 6. Nf3 g6 7. Nd2 Nbd7 8. Nc4 Nb6 9. e4 Bg7 10. Ne3 0-0 11. Bd3 Re8 12. 0-0 Nbd7 13. f3 a6 14. a4 Qe7 15. Be2 Rb8 16. a5 b5 17. axb6 Nxb6 18. Ra3 Ra8 19. Rb3 Qc7 20. Kh1 Bd7 21. Ra3 Qb7 22. Qc2 Reb8 23. f4 Ne8 24. Bf3 Bd4 25. Rb3 Qc8 26. Re1 Bxe3 27. Rxe3 Nc4 28. Rxb8 Rxb8 29. Re2 Qb7 30. h3 Qb3 31. Qxb3 Rxb3 32. e5 Kf8 33. Be4 Bf5 34. Kh2 a5 35. g4 Bxe4 36. Nxe4 Rb5 37. Rc2 Rb4 38. exd6 Nexd6 39. Nxd6 Nxd6 40. Rxc5 Rc4 41. Rxc4 Nxc4 42. b3 Nb6 43. Bd2 Nxd5 44. Kg3 Ke7 45. Bxa5 Kd6 46. Kf3 f5 47. Bd2 Kc5 48. h4 Kd4 49. h5 Kd3 50. gxf5 Kxd2 51. fxg6 hxg6 52. hxg6 Kd3 53. f5 Kd4 54. Kg4 Nf6+ 55. Kg5 Ke5 56. g7 Ne4+ 57. Kg6 Nf6 58. b4 Ng8 59. b5 Ne7+ 60. Kg5 Ng8 61. b6 1-0

[Event "Valle d'Aosta op 14th"]
[Site "Saint Vincent"]
[Date "2006.10.05"]
[Round "6"]
[White "Ortega, Lexy"]
[Black "Broekman, Willem"]
[Result "1-0"]
[WhiteElo "2435"]
[BlackElo "2151"]
[PlyCount "79"]
[EventDate "2006.09.30"]
[EventType "swiss"]
[EventRounds "9"]
[EventCountry "ITA"]
[SourceTitle "CBM 114 Extra"]
[Source "ChessBase"]
[SourceDate "2006.11.03"]
[SourceVersion "1"]
[SourceVersionDate "2006.11.03"]
[SourceQuality "1"]

1. d4 Nf6 2. Nf3 e6 3. Bf4 d5 4. e3 b6 5. c3 Bb7 6. Nbd2 Nbd7 7. Bd3 Be7 8. Ne5 Nxe5 9. dxe5 Nd7 10. h4 f5 11. Nf3 Nc5 12. Bc2 Qd7 13. Ng5 Bxg5 14. hxg5 Qe7 15. Qh5+ g6 16. Qh4 0-0 17. f3 Rf7 18. Qf2 a5 19. a4 Bc6 20. Qd2 Qd7 21. b3 Rg7 22. Kf2 Rd8 23. Qd4 Qe8 24. Rhd1 Ra8 25. Ra2 Qe7 26. Qd2 Rf7 27. Rh1 Qd7 28. Raa1 Rd8 29. Rh4 Rg7 30. Qd4 Rf8 31. g4 fxg4 32. Rxg4 Ba8 33. Rh4 Na6 34. Rah1 c5 35. Qd3 Qb7 36. Rxh7 Rxh7 37. Qxg6+ Rg7 38. Qxe6+ Qf7 39. Qh6 Qe7 40. e6 1-0